De madres a maestras : tránsito de un saber /
محفوظ في:
| المؤلف الرئيسي: | |
|---|---|
| مؤلفون آخرون: | |
| التنسيق: | كتاب |
| اللغة: | الإسبانية |
| سلاسل: | (Mujeres en la Cultura Chilena)
|
| الموضوعات: | |
| الوسوم: |
لا توجد وسوم, كن أول من يضع وسما على هذه التسجيلة!
|
MARC
| LEADER | 00000nam^a2200000^a^4500 | ||
|---|---|---|---|
| 001 | 000181348 | ||
| 005 | 20250521000000.0 | ||
| 009 | 20260310101929.41 | ||
| 037 | |a Acervo ITESO - Biblioteca | ||
| 041 | |a ESP | ||
| 082 | |a 305. 422098306 |b VAL | ||
| 100 | |a Valdivieso, Mercedes |e (autor) | ||
| 245 | 1 | 0 | |a De madres a maestras : |b tránsito de un saber / |c M. Valdivieso ; colaboración de M. Aguirre G. |
| 264 | |a Santiago, Chile : |b Servicio Nacional de la Mujer, |c 1995 | ||
| 300 | |a 56 p. | ||
| 336 | |a texto |b txt |2 rdacontenido | ||
| 337 | |a sin mediación |b n |2 rdamedio | ||
| 338 | |a volumen |b nc |2 rdasoporte | ||
| 440 | 1 | |a (Mujeres en la Cultura Chilena) | |
| 649 | |a XX | ||
| 650 | |a Profesores Chilenos - |x Historia - |y Siglo XIX | ||
| 650 | |a Profesores Chilenos - |x Prácticas Profesionales | ||
| 650 | |a Mujeres Chilenas - |x Historia - |y Siglo XIX | ||
| 650 | |a Género - |z Chile | ||
| 650 | |a Educación No Formal e Informal - |z Chile - |x Historia | ||
| 650 | |a Educación Formal - |z Chile - |x Historia | ||
| 650 | |a Conocimiento - |x Difusión | ||
| 650 | |a Imaginario Social - |z Chile - |x Historia | ||
| 650 | |a Ocupaciones (Economía) - |z Chile - |x Historia - |y Siglo XIX | ||
| 650 | |a Profesiones - |z Chile - |x Historia - |y Siglo XIX | ||
| 650 | |a Monasticismo y Ordenes Religiosas - |z Chile - |x Historia - |y Siglo XIX | ||
| 650 | |a Chile - |x Historia - |y Siglo XIX | ||
| 650 | |a Chile - |x Historia | ||
| 650 | |a Chile - |x Condiciones Sociales y Culturales | ||
| 650 | |a Feminismo | ||
| 650 | |a Antropología Cultural | ||
| 700 | |a Aguirre G., Margarita |e (colaboración) | ||
| 910 | |a Fondo General | ||
| 920 | |a Impresos - Libros | ||
| 930 | |a Colección General | ||
| 905 | |a 101 | ||
| 901 | |a 0500121297 |b IT1 |c ACC |u 20250521 | ||
| 902 | |a https://opac.biblio.iteso.mx/vufind/Record/000181348 | ||